[Event "LV C.to Torinese Assoluto"]
[Site "Torino ITA"]
[Date "2010.12.05"]
[Round "7"]
[White "Barbiso, Tiziana"]
[Black "Pozzi, Massimo"]
[Result "1/2-1/2"]
[WhiteElo "2057"]
[BlackElo "2040"]
[PlyCount "76"]
[EventDate "2010.11.08"]

1. e4 e6 2. d4 d5 3. Nd2 Nf6 4. e5 Nfd7 5. Bd3 c5 6. c3 Nc6 7. Ne2 cxd4 8. cxd4
f6 9. exf6 Nxf6 10. Nf3 Bd6 11. O-O Qc7 12. Bg5 O-O 13. Bh4 Nh5 14. Qc2 h6 15.
Bg6 Rxf3 16. gxf3 Bxh2+ 17. Kg2 Nf4+ 18. Nxf4 Qxf4 19. Bg3 Bxg3 20. fxg3 Qxd4
21. Rac1 Bd7 22. Qe2 Qf6 23. Bd3 Rf8 24. f4 a6 25. Rce1 Re8 26. Rf2 Nd8 27. Qh5
Nf7 28. Rfe2 Nd6 29. Kh2 Bc6 30. Rc1 Re7 31. Re5 Ne4 32. Re1 Rf7 33. Qg4 Re7
34. Bf1 g6 35. Kg1 Kf7 36. Bh3 Bd7 37. Bg2 Bc6 38. Bh3 Bd7 1/2-1/2

[Event "LV C.to Torinese Assoluto"]
[Site "Torino ITA"]
[Date "2010.12.05"]
[Round "7"]
[White "Davi, Alessandro"]
[Black "Spatola, Davide"]
[Result "1-0"]
[WhiteElo "2055"]
[BlackElo "2022"]
[PlyCount "107"]
[EventDate "2010.11.08"]

1. d4 Nf6 2. c4 c5 3. d5 b5 4. cxb5 a6 5. bxa6 Bxa6 6. Nc3 g6 7. g3 Bg7 8. Bg2
d6 9. Nf3 Nbd7 10. O-O O-O 11. Qc2 Qb6 12. h3 Rfb8 13. Rb1 Ra7 14. Rd1 Rab7 15.
b3 Qa7 16. e4 Ne8 17. Be3 Nc7 18. a4 Qa8 19. Na2 Rc8 20. Kh2 Ra7 21. Nc1 Bb7
22. Nd2 Na6 23. Nd3 Ne5 24. Nxe5 Bxe5 25. Nc4 Nb4 26. Qe2 Ba6 27. f4 Bg7 28.
Bf1 Rd8 29. Qf2 Rc7 30. Bd2 f5 31. Bxb4 cxb4 32. exf5 gxf5 33. Qe1 Qa7 34. Rbc1
Bc3 35. Qe6+ Kh8 36. Rc2 Rg8 37. Qxf5 Bxc4 38. Bxc4 Qe3 39. Rd3 Qe1 40. Rdxc3
bxc3 41. Qd3 e5 42. Qxc3 Qb1 43. fxe5 Rxg3 44. Kxg3 Rg7+ 45. Kf4 dxe5+ 46. Kxe5
Qg1 47. Re2 h5 48. a5 Qg5+ 49. Kd6 Qf4+ 50. Kc6 Kh7 51. Bd3+ Kg8 52. Re8+ Kf7
53. Re7+ Kxe7 54. Qxg7+ 1-0

[Event "LV C.to Torinese Assoluto"]
[Site "Torino ITA"]
[Date "2010.12.05"]
[Round "7"]
[White "Fabbri, Mario"]
[Black "Pepino, Enrico"]
[Result "1/2-1/2"]
[WhiteElo "2183"]
[BlackElo "2206"]
[PlyCount "61"]
[EventDate "2010.11.08"]

1. d4 Nf6 2. c4 g6 3. Nc3 Bg7 4. e4 d6 5. f3 O-O 6. Be3 c5 7. Nge2 cxd4 8. Nxd4
Nc6 9. Qd2 Bd7 10. Be2 Nxd4 11. Bxd4 Bc6 12. O-O a5 13. b3 Nd7 14. Bxg7 Kxg7
15. Kh1 Qb6 16. Rab1 Qc7 17. Rfc1 b6 18. Nd5 Bxd5 19. cxd5 Qb7 20. Bb5 Rab8 21.
Bxd7 Qxd7 22. Qd4+ Kg8 23. Rc6 Rfc8 24. Rbc1 Rxc6 25. Rxc6 Qa7 26. h3 a4 27.
Qxa4 Qxa4 28. bxa4 Ra8 29. Rxb6 Rxa4 30. Rb2 f5 31. Re2 1/2-1/2

[Event "LV C.to Torinese Assoluto"]
[Site "Torino ITA"]
[Date "2010.12.05"]
[Round "7"]
[White "Gallucci, Alessio"]
[Black "Castaldo, Folco"]
[Result "1/2-1/2"]
[WhiteElo "2185"]
[BlackElo "2419"]
[PlyCount "128"]
[EventDate "2010.11.08"]

1. e4 c5 2. Nf3 g6 3. d4 cxd4 4. Nxd4 Nc6 5. c4 Nf6 6. Nc3 Nxd4 7. Qxd4 d6 8.
Be3 Bg7 9. f3 O-O 10. Qd2 a5 11. Be2 a4 12. O-O Qa5 13. Rab1 Be6 14. Rfc1 Rfc8
15. b4 axb3 16. axb3 Qb4 17. Bf1 Nd7 18. Nb5 Qxd2 19. Bxd2 f5 20. Bg5 Kf7 21.
Re1 h6 22. exf5 gxf5 23. Be3 Ne5 24. h3 Ra2 25. Bd4 Bf6 26. c5 Bd5 27. Bxe5
dxe5 28. Nc3 Rd2 29. Nxd5 Rxd5 30. Bc4 Rcxc5 31. Bxd5+ Rxd5 32. Red1 Rb5 33.
Kf1 h5 34. Rdc1 h4 35. b4 Ke6 36. Rc5 Rb6 37. Ke2 Bg5 38. Rb2 Bf4 39. Rc8 Kd5
40. Rc5+ Kd6 41. Rc8 Kd5 42. Rf8 Ke6 43. Rh8 Bg5 44. Rg8 Bf6 45. Rb1 Kf7 46.
Rc8 Ke6 47. Rd8 Bg5 48. b5 Bf4 49. Kd3 Rd6+ 50. Rxd6+ exd6 51. Ra1 Kd5 52. Ra7
b6 53. Rc7 e4+ 54. Ke2 Ke5 55. Rc6 d5 56. Rxb6 d4 57. fxe4 fxe4 58. Rb8 d3+ 59.
Kd1 e3 60. Re8+ Kd4 61. b6 e2+ 62. Ke1 Bg3+ 63. Kd2 Bf4+ 64. Ke1 Bg3+ 1/2-1/2

[Event "LV C.to Torinese Assoluto"]
[Site "Torino ITA"]
[Date "2010.12.05"]
[Round "7"]
[White "Gambarino, Federico"]
[Black "Bussa, Paolo"]
[Result "0-1"]
[WhiteElo "1853"]
[BlackElo "1909"]
[PlyCount "80"]
[EventDate "2010.11.08"]

1. e4 d5 2. exd5 Qxd5 3. Nc3 Qa5 4. d4 c6 5. Bd2 Bf5 6. Bc4 e6 7. Nf3 Nd7 8.
Qe2 Ngf6 9. O-O-O Bb4 10. a3 Bxc3 11. Bxc3 Qc7 12. Ne5 O-O 13. g4 Bg6 14. h4 b5
15. Bb3 Be4 16. g5 Bxh1 17. gxf6 Bd5 18. Nxd7 Qxd7 19. Rg1 g6 20. Bb4 Bxb3 21.
Qe3 Kh8 22. Bxf8 Rxf8 23. cxb3 Qd5 24. Rg5 Qh1+ 25. Kc2 Qxh4 26. f3 h6 27. Rg4
Qh5 28. Kc3 Rd8 29. Qf4 g5 30. Qc7 Rd5 31. Qxc6 Qg6 32. Qe8+ Kh7 33. Qe7 Rf5
34. f4 Rxf4 35. Rxf4 gxf4 36. d5 exd5 37. Qe5 Qe4 38. Qe7 Kg6 39. Qf8 Qe5+ 40.
Kb4 Qxf6 0-1

[Event "LV C.to Torinese Assoluto"]
[Site "Torino ITA"]
[Date "2010.12.05"]
[Round "7"]
[White "Giacometto, Mario"]
[Black "Mazzetta, Renato"]
[Result "0-1"]
[WhiteElo "1995"]
[BlackElo "1930"]
[PlyCount "118"]
[EventDate "2010.11.08"]

1. e4 c5 2. Nf3 e6 3. d4 cxd4 4. Nxd4 a6 5. Nc3 Qc7 6. g3 Nf6 7. Bg2 Nc6 8.
Nde2 b5 9. a3 Bb7 10. O-O Be7 11. Bf4 d6 12. h3 O-O 13. Re1 Rfd8 14. Qd2 Rac8
15. g4 Ne5 16. b3 h5 17. g5 Nfd7 18. Qe3 Qc5 19. Qg3 Ng6 20. Be3 h4 21. Qg4 Qc7
22. f4 d5 23. e5 d4 24. Bxd4 Bc5 25. Bxc5 Qxc5+ 26. Kh2 Bxg2 27. Kxg2 Qe3 28.
Nd1 Qe4+ 29. Kf2 Rxc2 30. Qf3 Qxf4 31. Qxf4 Nxf4 32. Ne3 Rxe2+ 33. Rxe2 Nxe2
34. Kxe2 Nxe5 35. Ng2 Ng6 36. b4 Kf8 37. a4 Rd5 38. axb5 axb5 39. Ra8+ Ke7 40.
Ra7+ Rd7 41. Ra5 Rb7 42. Kf3 Ne5+ 43. Ke4 Nc6 44. Ra1 Nxb4 45. Nxh4 Nd5 46. Nf3
b4 47. Kd4 f6 48. h4 b3 49. Kd3 e5 50. Nd2 f5 51. Rb1 b2 52. Nc4 e4+ 53. Kd4
Ke6 54. Rxb2 Rxb2 55. Nxb2 Nf4 56. Nd1 g6 57. Ne3 Kd6 58. Kc4 Ke5 59. Kc3 Nd5+
0-1

[Event "LV C.to Torinese Assoluto"]
[Site "Torino ITA"]
[Date "2010.12.05"]
[Round "7"]
[White "Grinza, Andrea"]
[Black "Barletta, Mauro"]
[Result "0-1"]
[WhiteElo "2207"]
[BlackElo "2229"]
[PlyCount "80"]
[EventDate "2010.11.08"]

1. d4 d5 2. c4 Nc6 3. Nf3 Bg4 4. Qa4 Bxf3 5. exf3 e6 6. cxd5 exd5 7. Bb5 Nge7
8. Bg5 f6 9. Be3 a6 10. Bd3 Qd7 11. Nc3 Nf5 12. O-O Be7 13. Rfe1 Nh4 14. Rac1
g5 15. Nxd5 Qxd5 16. Bc4 Qd7 17. Bxg5 fxg5 18. Be6 Qd6 19. d5 b5 20. Qe4 Nd8
21. Bg4 Ng6 22. Rc3 O-O 23. Bf5 Rf7 24. Rec1 Bf8 25. Be6 c5 26. Bxf7+ Nxf7 27.
Re3 Rd8 28. Rd1 Bg7 29. Qf5 Be5 30. g3 Bd4 31. Re6 Qxd5 32. Rxg6+ hxg6 33.
Qxg6+ Kf8 34. Kg2 Rd6 35. Qh5 Qxa2 36. h4 Qxb2 37. hxg5 Qxf2+ 38. Kh3 Be5 39.
f4 Rxd1 40. Qxd1 Nxg5+ 0-1

[Event "LV C.to Torinese Assoluto"]
[Site "Torino ITA"]
[Date "2010.12.05"]
[Round "7"]
[White "Melone, Antonio"]
[Black "De Barberis, Massimo"]
[Result "0-1"]
[WhiteElo "2027"]
[BlackElo "2076"]
[PlyCount "100"]
[EventDate "2010.11.08"]

1. d4 Nf6 2. c4 e6 3. Nc3 c5 4. d5 exd5 5. cxd5 d6 6. e4 g6 7. f4 Bg7 8. Bb5+
Nfd7 9. Nf3 O-O 10. O-O Na6 11. Kh1 Nc7 12. Bd3 a6 13. f5 b5 14. a3 Qe7 15. Bg5
f6 16. Bd2 gxf5 17. exf5 Ne5 18. Nxe5 fxe5 19. Qg4 Kh8 20. Rf3 Bf6 21. Rh3 Rg8
22. Qh5 Bb7 23. Re1 Nxd5 24. Nxd5 Bxd5 25. Re4 Qb7 26. Qf3 Raf8 27. Rh6 Bc6 28.
Qh3 Rf7 29. Re2 Rfg7 30. Rg6 e4 31. Bc2 Rxg6 32. fxg6 Rxg6 33. Rf2 d5 34. b4 d4
35. bxc5 e3 36. Bxg6 exf2 37. Bd3 Qe7 38. Qc8+ Kg7 39. Qg4+ Kf7 40. Qh5+ Kg8
41. Qg4+ Bg7 42. Qe2 Qxe2 43. Bxe2 Bf8 44. Bb4 Kf7 45. h3 Bg7 46. Kh2 Be5+ 47.
g3 Be4 48. Bd2 Ke6 49. Bf4 Bxf4 50. gxf4 d3 0-1

[Event "LV C.to Torinese Assoluto"]
[Site "Torino ITA"]
[Date "2010.12.05"]
[Round "7"]
[White "Sarno, Spartaco"]
[Black "Pulito, Alberto"]
[Result "1-0"]
[WhiteElo "2325"]
[BlackElo "2271"]
[PlyCount "153"]
[EventDate "2010.11.08"]

1. c4 e5 2. Nc3 Nf6 3. Nf3 Nc6 4. g3 d5 5. cxd5 Nxd5 6. Bg2 Nb6 7. O-O Be7 8.
d3 O-O 9. a4 Be6 10. a5 Nd5 11. a6 bxa6 12. Qa4 Ndb4 13. Be3 Rb8 14. Rfc1 f5
15. Qd1 g5 16. Na4 g4 17. Nd2 Nd4 18. Nc5 Bxc5 19. Rxc5 f4 20. gxf4 exf4 21.
Bxd4 Qxd4 22. Rg5+ Kh8 23. Qc1 Rb5 24. Rxb5 axb5 25. Qc3 Qxc3 26. bxc3 Nd5 27.
Bxd5 Bxd5 28. Rxa7 Rf7 29. e4 fxe3 30. fxe3 c6 31. Ra8+ Kg7 32. Rc8 Rf6 33. e4
Bf7 34. Nf1 Rd6 35. d4 b4 36. e5 Rg6 37. cxb4 Bd5 38. Ne3 Be4 39. Rc7+ Kh6 40.
Kf2 Rg8 41. Kg3 Kg5 42. Nxg4 Ra8 43. Rg7+ Kf5 44. Ne3+ Ke6 45. Kf4 Bg6 46. Rc7
Rf8+ 47. Kg5 Be4 48. Ng4 Rd8 49. Nf6 Bg2 50. Nxh7 Rxd4 51. Nf8+ Kxe5 52. Re7+
Kd5 53. Rd7+ Kc4 54. h4 Bf3 55. Rxd4+ Kxd4 56. Nd7 Bd1 57. Kg6 Bg4 58. Nf6 Be2
59. Nd7 Bg4 60. Nb8 Bf3 61. Kf5 Kd5 62. Nd7 Bd1 63. Ne5 Bc2+ 64. Kf4 Bd1 65.
Ng4 Kd4 66. h5 Bc2 67. Ne5 Kd5 68. h6 Bh7 69. Ng4 Kc4 70. Nf6 Bg6 71. Kg5 Bb1
72. Nd7 Kxb4 73. Ne5 Bh7 74. Nxc6+ Kc5 75. Ne7 Kd6 76. Kf6 Kd7 77. Ng6 1-0

[Event "LV C.to Torinese Assoluto"]
[Site "Torino ITA"]
[Date "2010.12.05"]
[Round "7"]
[White "Settis, Massimo"]
[Black "Fassio, Luca"]
[Result "0-1"]
[WhiteElo "1970"]
[BlackElo "2071"]
[PlyCount "100"]
[EventDate "2010.11.08"]

1. c4 g6 2. g3 Bg7 3. Bg2 d6 4. Nc3 e5 5. e4 Ne7 6. Nge2 O-O 7. O-O Nd7 8. d3
f5 9. Be3 Nf6 10. h3 c6 11. Qd2 Be6 12. exf5 Nxf5 13. Bg5 h6 14. Bxf6 Qxf6 15.
b4 Rad8 16. b5 d5 17. bxc6 bxc6 18. cxd5 cxd5 19. Nb5 Rd7 20. Qa5 Qd8 21. Qxd8
Rfxd8 22. Rac1 Ne7 23. g4 Rb8 24. a4 Bf7 25. Rc2 g5 26. Rd1 Bg6 27. Rc7 Rb7 28.
Rxb7 Rxb7 29. Nbc3 Rd7 30. Kf1 Kf7 31. Ke1 Ke6 32. Kd2 e4 33. Nc1 Bd4 34. dxe4
dxe4 35. Nxe4 Bxf2+ 36. Ke2 Rxd1 37. Kxd1 Bb6 38. Nd3 Nd5 39. Nec5+ Bxc5 40.
Nxc5+ Kd6 41. Bxd5 Kxc5 42. Be6 Kb4 43. Bd7 Bf7 44. Kc1 Bb3 45. Bc6 Bxa4 46.
Bg2 Kc3 47. Kb1 Kd3 48. Kb2 Ke3 49. Ka3 Bd1 50. Kb4 Kf2 0-1

[Event "XXXIII Festival A"]
[Site "Torino ITA"]
[Date "2010.10.29"]
[Round "1"]
[White "Banchio, Davide"]
[Black "Vogliobene, Luigi"]
[Result "1-0"]
[WhiteElo "1945"]
[BlackElo "1595"]
[PlyCount "77"]
[EventDate "2010.10.29"]

1. e4 c5 2. Nf3 d6 3. d4 cxd4 4. Nxd4 Nf6 5. Nc3 a6 6. Bc4 e6 7. Be3 Be7 8. Bb3
Qc7 9. g4 h6 10. Qe2 Nc6 11. O-O-O Bd7 12. h4 Nxd4 13. Rxd4 b5 14. Rhd1 e5 15.
Nd5 Nxd5 16. Rxd5 Be6 17. f4 Bxd5 18. Rxd5 O-O-O 19. Qf2 Rd7 20. fxe5 dxe5 21.
Qxf7 Rf8 22. Qxg7 Bb4 23. Qxd7+ Qxd7 24. Rxd7 Rf1+ 25. Rd1 Rf6 26. g5 hxg5 27.
hxg5 Rg6 28. Bf7 Rd6 29. Rxd6 Bxd6 30. g6 Bf8 31. c4 bxc4 32. Kc2 Kc7 33. Kc3
Kd6 34. Kxc4 Kc6 35. Bd5+ Kc7 36. b4 Bg7 37. a4 Bf8 38. Bc5 Bg7 39. Be6 1-0

[Event "XXXIII Festival A"]
[Site "Torino ITA"]
[Date "2010.10.29"]
[Round "1"]
[White "Carnino, Luca"]
[Black "Grinza, Andrea"]
[Result "0-1"]
[WhiteElo "1737"]
[BlackElo "2239"]
[PlyCount "30"]
[EventDate "2010.10.29"]

1. c4 e5 2. Nc3 Nf6 3. g3 Nc6 4. Bg2 Bb4 5. Nf3 O-O 6. O-O e4 7. Ng5 Bxc3 8.
bxc3 Re8 9. d3 exd3 10. exd3 h6 11. Ne4 d6 12. Rb1 Ne5 13. Re1 Nxe4 14. Bxe4
Bg4 15. f3 Bxf3 0-1

[Event "XXXIII Festival A"]
[Site "Torino ITA"]
[Date "2010.10.29"]
[Round "1"]
[White "Gallo, Ivan"]
[Black "D'Amato, Piergiorgio"]
[Result "0-1"]
[WhiteElo "1500"]
[BlackElo "1871"]
[PlyCount "36"]
[EventDate "2010.10.29"]

1. e4 e6 2. d4 d5 3. exd5 exd5 4. Bd3 c5 5. dxc5 Bxc5 6. Nf3 Nf6 7. Bg5 O-O 8.
O-O Nc6 9. Nbd2 Bg4 10. c3 Re8 11. Qc2 h6 12. Bh4 Qd6 13. Rfe1 Bb6 14. h3 Bd7
15. Bg3 Qxg3 16. Nb3 Bxh3 17. Bf1 Bg4 18. Nh2 Bh5 0-1

[Event "XXXIII Festival A"]
[Site "Torino ITA"]
[Date "2010.10.29"]
[Round "1"]
[White "Geuna, Pietro"]
[Black "Macheda, Andrea"]
[Result "0-1"]
[WhiteElo "1518"]
[BlackElo "1887"]
[PlyCount "44"]
[EventDate "2010.10.29"]

1. e4 c5 2. Nf3 d6 3. d4 cxd4 4. Nxd4 Nf6 5. Nc3 a6 6. Be3 e6 7. f3 b5 8. Qd2
Nbd7 9. O-O-O Bb7 10. g4 Nb6 11. h4 Rc8 12. Be2 Qc7 13. Bxb5+ axb5 14. Ndxb5
Qd8 15. Nxd6+ Bxd6 16. Qxd6 Qxd6 17. Rxd6 Nc4 18. Rd3 Ne5 19. Rdd1 Nxf3 20. Nb5
Nxe4 21. Rhf1 Nxh4 22. Rf4 O-O 0-1

[Event "XXXIII Festival A"]
[Site "Torino ITA"]
[Date "2010.10.29"]
[Round "1"]
[White "Mandosio, Franco"]
[Black "Di Chiara, Mauro"]
[Result "1/2-1/2"]
[WhiteElo "1618"]
[BlackElo "1949"]
[PlyCount "32"]
[EventDate "2010.10.29"]

1. c4 g6 2. Nc3 Bg7 3. g3 d6 4. Bg2 Nf6 5. e3 O-O 6. Nge2 e5 7. O-O Nc6 8. a3
Be6 9. Nd5 Qd7 10. Nec3 Bh3 11. Nxf6+ Bxf6 12. Nd5 Bd8 13. d4 Bxg2 14. Kxg2 f5
15. b4 Bg5 16. b5 16... Na5 {...} 1/2-1/2

[Event "XXXIII Festival A"]
[Site "Torino ITA"]
[Date "2010.10.29"]
[Round "1"]
[White "Pogonea, Cozmin"]
[Black "Cortese, Alessandro"]
[Result "1/2-1/2"]
[WhiteElo "1647"]
[BlackElo "1970"]
[PlyCount "77"]
[EventDate "2010.10.29"]

1. e4 e6 2. d4 d5 3. Nc3 Bb4 4. e5 c5 5. a3 Bxc3+ 6. bxc3 Ne7 7. Qg4 Qc7 8.
Qxg7 Rg8 9. Qxh7 cxd4 10. Ne2 Nbc6 11. f4 Bd7 12. Qd3 dxc3 13. Nxc3 a6 14. Rb1
Na5 15. h4 Nf5 16. Rh3 O-O-O 17. h5 Nc4 18. h6 Rg6 19. h7 Rh8 20. Rb4 Rg7 21.
g4 Rxg4 22. Nxd5 exd5 23. Qxd5 Na5 24. Qxf7 Rg7 25. Qf6 Qc6 26. e6 Qxe6+ 27.
Qxe6 Bxe6 28. Bb2 Rhxh7 29. Bxg7 Rxg7 30. Rc3+ Rc7 31. Rxc7+ Kxc7 32. Re4 Kd6
33. Bh3 Nc6 34. Kd2 Ncd4 35. Bxf5 Nxf5 36. Kc3 Ne7 37. Kd4 Nc6+ 38. Kc3 Ne7 39.
Kd4 1/2-1/2

[Event "XXXIII Festival A"]
[Site "Torino ITA"]
[Date "2010.10.29"]
[Round "1"]
[White "Pulito, Alberto"]
[Black "Blundo, Michele"]
[Result "1-0"]
[WhiteElo "2263"]
[BlackElo "1743"]
[PlyCount "79"]
[EventDate "2010.10.29"]

1. e4 c5 2. a3 d6 3. b4 Nf6 4. d3 Nbd7 5. g3 b6 6. Bg2 Rb8 7. f4 Bb7 8. Nf3 e6
9. O-O Be7 10. Bb2 O-O 11. Nbd2 Qc7 12. c4 a5 13. bxa5 bxa5 14. Qe2 Ba8 15. Bc3
a4 16. Bh3 h6 17. Rae1 Rfe8 18. g4 d5 19. Bxf6 Bxf6 20. e5 Be7 21. g5 hxg5 22.
fxg5 Nf8 23. Qf2 Ng6 24. Qg3 Rb2 25. Bg2 Bf8 26. h4 Ne7 27. Bh3 g6 28. h5 gxh5
29. Qh4 Ng6 30. Qxh5 Bg7 31. cxd5 Nf4 32. Qh4 Nxh3+ 33. Qxh3 exd5 34. g6 fxg6
35. Ng5 Bxe5 36. Ndf3 d4 37. Ne6 Bh2+ 38. Nxh2 Qc6 39. Nf3 Ra2 40. Qg4 1-0

[Event "XXXIII Festival A"]
[Site "Torino ITA"]
[Date "2010.10.29"]
[Round "1"]
[White "Raccanello, Ivano"]
[Black "Passerotti, Pierluigi"]
[Result "0-1"]
[WhiteElo "1751"]
[BlackElo "2268"]
[PlyCount "42"]
[EventDate "2010.10.29"]

1. d4 d5 2. c4 c6 3. Nf3 e6 4. Bf4 dxc4 5. e3 b5 6. a4 Bb7 7. axb5 cxb5 8. Be2
Nf6 9. Nc3 Bb4 10. O-O Bxc3 11. bxc3 a6 12. Ne5 O-O 13. Bg5 Nbd7 14. Bf3 Qc7
15. Bf4 Qc8 16. Kh1 Nd5 17. Bxd5 exd5 18. Qh5 f6 19. Ng4 Qc6 20. Bh6 f5 21.
Bxg7 Kxg7 0-1

[Event "XXXIII Festival A"]
[Site "Torino ITA"]
[Date "2010.10.29"]
[Round "1"]
[White "Revello, Beatrice"]
[Black "Finocchiaro, Gianluca"]
[Result "0-1"]
[WhiteElo "1722"]
[BlackElo "2121"]
[PlyCount "46"]
[EventDate "2010.10.29"]

1. d4 Nf6 2. c4 c5 3. e3 e6 4. Nf3 d5 5. cxd5 exd5 6. dxc5 Bxc5 7. Nc3 O-O 8.
Be2 Nc6 9. O-O Bf5 10. Bd3 Bg4 11. h3 Bh5 12. b3 d4 13. exd4 Nxd4 14. Be2 Nxe2+
15. Qxe2 Re8 16. Qc2 Bxf3 17. gxf3 Rc8 18. Bb2 Bb4 19. Rac1 Qd7 20. Kg2 Re5 21.
Qd1 Rg5+ 22. Kh2 Bd6+ 23. Kh1 Qxh3# 0-1

[Event "XXXIII Festival A"]
[Site "Torino ITA"]
[Date "2010.10.30"]
[Round "2"]
[White "Berutti, Mario"]
[Black "Liviabella, Lucio"]
[Result "1-0"]
[WhiteElo "1787"]
[BlackElo "1651"]
[PlyCount "87"]
[EventDate "2010.10.29"]

1. e4 c5 2. d4 cxd4 3. c3 dxc3 4. Nxc3 e6 5. Nf3 Nc6 6. Bc4 Na5 7. Bd3 Bb4 8.
O-O Bxc3 9. bxc3 Nc6 10. Ba3 Nge7 11. e5 Qa5 12. Bd6 Qxc3 13. Rb1 Qa5 14. Qe2
Nd5 15. Rb5 Qd8 16. Rc1 Nf4 17. Qe4 Nxd3 18. Qxd3 h6 19. Qe4 a6 20. Rb3 b5 21.
Qg4 Rg8 22. Nd2 Qg5 23. Qe2 Nd4 24. Qe1 Nxb3 25. axb3 Bb7 26. g3 Bc6 27. f4 Qf5
28. Rxc6 dxc6 29. Ne4 f6 30. Bc5 Rd8 31. Nd6+ Rxd6 32. Bxd6 Qd3 33. Qf2 Kf7 34.
h4 Kg6 35. Kh2 Qxb3 36. Qa7 Qc2+ 37. Kh3 f5 38. h5+ Kh7 39. Qf7 Qe4 40. Qg6+
Kh8 41. Kh2 Qd5 42. Be7 c5 43. Bf6 Qd2+ 44. Kh3 1-0

[Event "XXXIII Festival A"]
[Site "Torino ITA"]
[Date "2010.10.30"]
[Round "2"]
[White "Costea, Mihai"]
[Black "Pulito, Alberto"]
[Result "0-1"]
[WhiteElo "1896"]
[BlackElo "2263"]
[PlyCount "72"]
[EventDate "2010.10.29"]

1. e4 d6 2. d4 Nf6 3. Nc3 Nbd7 4. Be2 e5 5. Nf3 Be7 6. O-O O-O 7. h4 c6 8. Nh2
b5 9. a3 Bb7 10. d5 a6 11. g3 Rc8 12. Bf3 cxd5 13. exd5 Rxc3 14. bxc3 e4 15.
Be2 Nxd5 16. c4 Nc3 17. Qe1 Bf6 18. Bg5 bxc4 19. Bxf6 Qxf6 20. Bxc4 Ne5 21. Be2
d5 22. Ng4 Nxe2+ 23. Qxe2 Nf3+ 24. Kg2 Qe6 25. Nh2 d4 26. Qd1 Nd2 27. Re1 e3+
28. f3 Rc8 29. Rb1 Nxb1 30. Qxb1 Qc6 31. Re2 a5 32. Qb3 Ba6 33. Re1 Qxc2+ 34.
Qxc2 Rxc2+ 35. Kg1 f5 36. Rd1 d3 0-1

[Event "XXXIII Festival A"]
[Site "Torino ITA"]
[Date "2010.10.30"]
[Round "2"]
[White "D'Amato, Piergiorgio"]
[Black "Fassio, Luca"]
[Result "1-0"]
[WhiteElo "1871"]
[BlackElo "2071"]
[PlyCount "51"]
[EventDate "2010.10.29"]

1. e4 g6 2. d4 Bg7 3. Nc3 d6 4. f4 c6 5. Be3 Nf6 6. Nf3 Bg4 7. Qd2 Bxf3 8. gxf3
b5 9. e5 b4 10. Ne4 Nxe4 11. fxe4 Qb6 12. Bc4 a5 13. O-O-O Na6 14. f5 Nc7 15.
f6 exf6 16. exd6 Nb5 17. d7+ Kxd7 18. e5 f5 19. d5 c5 20. e6+ Ke7 21. Bxb5 Qxb5
22. d6+ Kf8 23. Qd5 Qe8 24. d7 Qxe6 25. Bxc5+ Kg8 26. Qxa8+ 1-0

[Event "XXXIII Festival A"]
[Site "Torino ITA"]
[Date "2010.10.30"]
[Round "2"]
[White "Finocchiaro, Gianluca"]
[Black "Mantovan, Giuseppe"]
[Result "1-0"]
[WhiteElo "2121"]
[BlackElo "1859"]
[PlyCount "23"]
[EventDate "2010.10.29"]

1. e4 e6 2. d4 d5 3. exd5 exd5 4. c4 Nf6 5. Nc3 Be7 6. Bd3 dxc4 7. Bxc4 O-O 8.
Nf3 c5 9. d5 Bg4 10. O-O a6 11. a4 Nbd7 12. d6 1-0

[Event "XXXIII Festival A"]
[Site "Torino ITA"]
[Date "2010.10.30"]
[Round "2"]
[White "Flego, Dario"]
[Black "Gallo, Ivan"]
[Result "1-0"]
[WhiteElo "1716"]
[BlackElo "1500"]
[PlyCount "83"]
[EventDate "2010.10.29"]

1. Nf3 d5 2. g3 Nf6 3. Bg2 c5 4. O-O Nc6 5. d3 Bg4 6. Nbd2 e6 7. h3 Bh5 8. g4
Nxg4 9. hxg4 Bxg4 10. c3 Bd6 11. Qa4 h5 12. e4 Be7 13. exd5 exd5 14. Re1 Kf8
15. Nf1 Qd7 16. Bf4 Qf5 17. Ne5 Nxe5 18. Rxe5 Qxd3 19. Rxd5 Qg6 20. Qe4 f5 21.
Qd3 h4 22. Nh2 h3 23. Nxg4 Qxg4 24. Qxf5+ Qxf5 25. Rxf5+ Kg8 26. Bd5+ Kh7 27.
Rh5+ Kg6 28. Rxh8 Rxh8 29. Kh2 Kf5 30. Be3 Bd6+ 31. Kh1 b6 32. Rg1 Be5 33. a4
Rd8 34. Bf3 Rh8 35. Rd1 a5 36. Rd7 Rh4 37. Bc6 Rg4 38. f3 Rg3 39. Rb7 h2 40.
Be4+ Ke6 41. Rxb6+ Bd6 42. Bxc5 1-0

[Event "XXXIII Festival A"]
[Site "Torino ITA"]
[Date "2010.10.30"]
[Round "2"]
[White "Grinza, Andrea"]
[Black "Matta, Francesca"]
[Result "1-0"]
[WhiteElo "2239"]
[BlackElo "1884"]
[PlyCount "35"]
[EventDate "2010.10.29"]

1. d4 d5 2. c4 dxc4 3. Nf3 Nd7 4. e3 Nb6 5. Na3 Nf6 6. Nxc4 e6 7. Nce5 Be7 8.
Bd3 O-O 9. Qc2 h6 10. h4 Nfd5 11. Bh7+ Kh8 12. Ng5 Bb4+ 13. Kf1 Qe7 14. Ngxf7+
Rxf7 15. Ng6+ Kxh7 16. Nf8+ Kg8 17. Qh7+ Kxf8 18. Qh8# 1-0

[Event "XXXIII Festival A"]
[Site "Torino ITA"]
[Date "2010.10.30"]
[Round "2"]
[White "Passerotti, Pierluigi"]
[Black "Banchio, Davide"]
[Result "0-1"]
[WhiteElo "2268"]
[BlackElo "1945"]
[PlyCount "74"]
[EventDate "2010.10.29"]

1. d4 Nf6 2. c4 g6 3. Nc3 Bg7 4. e4 d6 5. Be2 O-O 6. Nf3 e5 7. O-O Nc6 8. d5
Ne7 9. Ne1 Nd7 10. f3 f5 11. g4 Rf7 12. Be3 f4 13. Bf2 g5 14. h3 a6 15. b4 h5
16. Kg2 Bf8 17. Nd3 Nf6 18. Rh1 Ng6 19. a4 Nh4+ 20. Bxh4 gxh4 21. a5 Rg7 22.
Nf2 hxg4 23. hxg4 Nh5 24. Rh2 Ng3 25. Bd3 Qf6 26. Bc2 Bd7 27. Ba4 c6 28. Bb3
Kh8 29. Rc1 Be7 30. Qd3 Rag8 31. Bd1 Rh7 32. Kh3 Rhg7 33. Rc2 Nh5 34. Rd2 Rxg4
35. Nxg4 Rxg4 36. fxg4 f3 37. Qxf3 Qxf3+ 0-1

[Event "XXXIII Festival A"]
[Site "Torino ITA"]
[Date "2010.10.31"]
[Round "3"]
[White "Banchio, Davide"]
[Black "Finocchiaro, Gianluca"]
[Result "0-1"]
[WhiteElo "1945"]
[BlackElo "2121"]
[PlyCount "48"]
[EventDate "2010.10.29"]

1. e4 d5 2. exd5 Nf6 3. c4 e6 4. Nc3 exd5 5. d4 Bb4 6. Nf3 O-O 7. Be2 dxc4 8.
O-O c6 9. Bxc4 Bg4 10. a3 Ba5 11. b4 Bxf3 12. Qxf3 Qxd4 13. Be2 Bc7 14. Rd1 Qe5
15. g3 Qe6 16. Rd4 Nbd7 17. Bg5 Ne5 18. Qf4 Rad8 19. Bxf6 Rxd4 20. Qxd4 Qxf6
21. Qxa7 Nf3+ 22. Kg2 Qxc3 23. Rd1 Ng5 24. Qxb7 Qe5 0-1

[Event "XXXIII Festival A"]
[Site "Torino ITA"]
[Date "2010.10.31"]
[Round "3"]
[White "Gallucci, Alessio"]
[Black "D'Amato, Piergiorgio"]
[Result "1-0"]
[WhiteElo "2144"]
[BlackElo "1871"]
[PlyCount "57"]
[EventDate "2010.10.29"]

1. e4 e6 2. d4 d5 3. Nc3 Nf6 4. e5 Nfd7 5. f4 c5 6. Nf3 Nc6 7. Be3 cxd4 8. Nxd4
Bc5 9. Qd2 a6 10. O-O-O O-O 11. h4 Nxd4 12. Bxd4 b5 13. h5 b4 14. Ne2 a5 15.
Rh3 Ba6 16. h6 g6 17. Kb1 Qe7 18. g4 Rfc8 19. f5 Bxd4 20. Nxd4 Bxf1 21. Rxf1
Nxe5 22. fxe6 fxe6 23. Qe2 Nc4 24. Rhf3 e5 25. Qf2 exd4 26. Rf7 Qe6 27. Rg7+
Kh8 28. Qf7 Qxf7 29. Rfxf7 1-0

[Event "XXXIII Festival A"]
[Site "Torino ITA"]
[Date "2010.10.31"]
[Round "3"]
[White "Hsikou, Karim Carlo"]
[Black "Ferrari, Alex"]
[Result "1-0"]
[WhiteElo "1653"]
[BlackElo "1590"]
[PlyCount "45"]
[EventDate "2010.10.29"]

1. d4 d5 2. c4 e6 3. Nc3 Nf6 4. Nf3 c6 5. Bg5 Nbd7 6. e3 Qa5 7. Bd3 Ne4 8. Bxe4
dxe4 9. Nd2 Qxg5 10. Ndxe4 Qxg2 11. Rf1 Bb4 12. Qc2 Nb6 13. c5 Nd5 14. Nd6+ Ke7
15. O-O-O Nxc3 16. bxc3 Ba3+ 17. Kb1 Qg6 18. e4 b5 19. Qb3 Bxc5 20. dxc5 Qh5
21. Qb4 Bd7 22. Qd4 e5 23. Nc8+ 1-0